20.000 leguas de viaje submarino / (Registro nro. 10754)

Detalles MARC
000 -LEADER
fixed length control field 00772nam a22002657a 4500
001 - CONTROL NUMBER
control field 000371
003 - CONTROL NUMBER IDENTIFIER
control field DO-SdBNP
005 - DATE AND TIME OF LATEST TRANSACTION
control field 20180206085221.0
007 - PHYSICAL DESCRIPTION FIXED FIELD--GENERAL INFORMATION
fixed length control field 000371
008 - FIXED-LENGTH DATA ELEMENTS--GENERAL INFORMATION
fixed length control field 160707b 2001 sp ||||| |||| 00| 0 spa d
020 ## - INTERNATIONAL STANDARD BOOK NUMBER
International Standard Book Number 8466201157
040 ## - CATALOGING SOURCE
Original cataloging agency BPMSU
Language of cataloging spa
Transcribing agency BPMSU
100 1# - MAIN ENTRY--PERSONAL NAME
Personal name Verne, Jules,
Dates associated with a name 1828-1905
240 10 - UNIFORM TITLE
Uniform title <a href="Vingt mille lieues sous les mers.">Vingt mille lieues sous les mers.</a>
Language of a work Español
245 10 - TITLE STATEMENT
Title 20.000 leguas de viaje submarino /
Statement of responsibility, etc. Julio Verne.
246 ## - VARYING FORM OF TITLE
Title proper/short title Veinte mil leguas de viaje submarino
250 ## - EDITION STATEMENT
Edition statement 2ª reimp.
260 ## - PUBLICATION, DISTRIBUTION, ETC. (IMPRINT)
Place of publication, distribution, etc. Alcobendas (Madrid) :
Name of publisher, distributor, etc. Libsa,
Date of publication, distribution, etc. 2001.
300 ## - PHYSICAL DESCRIPTION
Extent 313 p. ;
Dimensions 19 cm.
490 1# - SERIES STATEMENT
Series statement Isla misteriosa
830 #0 - SERIES ADDED ENTRY--UNIFORM TITLE
Name of part/section of a work Isla misteriosa
942 ## - ADDED ENTRY ELEMENTS (KOHA)
Source of classification or shelving scheme Dewey Decimal Classification
Koha item type Libros
945 ## - LOCAL PROCESSING INFORMATION (OCLC)
a Inventariado, 2018 /LP
956 ## - LOCAL ELECTRONIC LOCATION AND ACCESS (OCLC)
Host name LOPEREZ
Access number 10
Compression information 20160707
Processor of request BPMSU
Existencias
Withdrawn status Lost status Source of classification or shelving scheme Damaged status Not for loan Collection code Home library Current library Date acquired Source of acquisition Total Checkouts Barcode Date last seen Price effective from Koha item type
    Dewey Decimal Classification     Colección General Biblioteca Pública Metropolitana Salomé Ureña Biblioteca Pública Metropolitana Salomé Ureña 07/07/2016 Donación   BPMSU16070212 07/07/2016 07/07/2016 Libros